| 000 | 00453cam a2200181ua 4500 | ||
|---|---|---|---|
| 020 | _c30.00 | ||
| 041 |
_aeng _h |
||
| 082 |
_a332.45 _bCRU/AB |
||
| 100 | _aCrump, Norman . | ||
| 245 |
_aA B C of the foreign exchanges / _cNorman Crump. _hTextual Documents |
||
| 250 |
_a13 / _b. |
||
| 260 |
_aLondon : _bMacMillan and Company Limited , _c1965. |
||
| 300 | _a406 ; . | ||
| 365 | _a30.00 | ||
| 504 | _a | ||
| 942 | _cBK | ||
| 999 |
_c2159 _d2159 |
||